Engineering Mathematics-1 Algebra and Calculus: (Record no. 183131)

MARC details
000 -LEADER
fixed length control field 00692 a2200181 4500
005 - DATE AND TIME OF LATEST TRANSACTION
control field 20211217112927.0
010 ## - LCCN (DPL NO)
LC control number ENG-130390
020 ## - INTERNATIONAL STANDARD BOOK NUMBER
Terms of availability 397.00
International Standard Book Number 978-81-941197-3-9
035 ## - SYSTEM CONTROL NUMBER
System control number EN-113922
037 ## - SOURCE OF ACQUISITION
Source of stock number/acquisition DBAD/PUB
082 ## - DEWEY DECIMAL CLASSIFICATION NUMBER
Classification number 620.00151
Item number 1
245 ## - TITLE STATEMENT
Title Engineering Mathematics-1 Algebra and Calculus:
Remainder of title (Common to All branches for B. Tech First Year/
Statement of responsibility, etc M. Changal Raju[Et...alt]
250 ## - EDITION STATEMENT
Edition statement 2019
260 ## - PUBLICATION, DISTRIBUTION, ETC. (IMPRINT)
Place of publication, distribution, etc Hyderabad
Name of publisher, distributor, etc M/s Amaravati Publications
Date of publication, distribution, etc 2019
270 ## - ADDRESS
Address #326/C, Level-3, Surneni Nilayam Near B K Guda Park,
City S R Nagar
Postal code 500038
Telephone number +91 4023710657, 238000657
Fax number +91 4023810657
300 ## - PHYSICAL DESCRIPTION
Extent xvi,480p.
Dimensions 24cm (pbk)
942 ## - ADDED ENTRY ELEMENTS (KOHA)
Institution code [OBSOLETE] dpl
Item type English Books
Source of classification or shelving scheme Dewey Decimal Classification
Classification part 620.00151
Call number suffix ENG
Holdings
Withdrawn status Lost status Not for loan Collection code Home library Current library Date acquired Source of acquisition Cost, normal purchase price Full call number Barcode Copy number Cost, replacement price Koha item type
      Non-fiction Shahdara Branch Shahdara Branch 17/12/2021 DBAD/PUB 397.00 620.00151 ENG EN-113922 1 397.00 English Books

© Delhi Public Library
Hit Counter
free hit counter